La Universidad Católica y la búsqueda de un nuevo orden internacional: informe temático
Saved in:
| 格式: | 圖書 |
|---|---|
| 語言: | 西班牙语 |
| 出版: |
París
Federación Internacional de Universidades Católicas
1984
|
| 主題: | |
| 標簽: |
添加標簽
沒有標簽, 成為第一個標記此記錄!
|
MARC
| LEADER | 00000nam a2200000 a 4500 | ||
|---|---|---|---|
| 001 | UCU1362 | ||
| 003 | CL-VaPUC | ||
| 005 | 20220816174304.0 | ||
| 008 | 960404e19840000fr 1 spa d | ||
| 082 | 0 | 4 | |a 378 |b LAU |2 21 |
| 245 | 1 | 3 | |a La Universidad Católica y la búsqueda de un nuevo orden internacional: informe temático |
| 260 | |a París |b Federación Internacional de Universidades Católicas |c 1984 | ||
| 300 | |a 133 p | ||
| 583 | |a last modification |c 19960404 00:00:00 |k Rodrigo Vera | ||
| 650 | 0 | 0 | |a Educación superior |9 223851 |
| 650 | 0 | 0 | |a Universidades católicas |9 309230 |
| 650 | 0 | 0 | |a Congresos |9 257560 |
| 942 | |c BK | ||
| 945 | |a rleighto |d 19960404 00:00:00 | ||
| 546 | |a En Español | ||
| 518 | |p Asamblea general la Universidad Católica y la búsqueda de un nuevo orden internacional: informe temático, 14, Toronto, 22 26 de Agosto de 1983 | ||
| 999 | |c 382557 |d 382555 | ||
| 952 | |0 0 |1 0 |4 0 |6 378_000000000000000_LAU_1984 |7 0 |8 P |9 504318 |a BIBEDU |b BIBEDU |c BIBEDU_PB |d 2020-01-23 |i 318708K |o 378 LAU 1984 |p 318708K |r 2024-01-25 |w 2020-01-23 |y BK |k EDU | ||